Представление документа в формате MARC21

Поле Инд. ПП Название Значение
Тип записи a
Библиографический уровень b
001 Контрольный номер cc0c446fa500420da83419298dfef109
005 Дата корректировки 20210908160140.3
024 80 a Стандартный номер DOI: 10.1134/S003602362005023X
040 a Служба первич. каталог. Scopus
041 0_ a Код языка текста eng
097 a Костяева О.Г.
100 1_ a Автор Stolyarova T. A.
100 1_ a Автор Brichkina E. A.
100 1_ q Полное имя Осадчий Евгений Григорьевич
g Прочие сведения РИНЦ AuthorID: 100127 (http://elibrary.ru/author_profile.asp?id= 100127); Scopus Author ID: 55889778300 (https://www.scopus.com/authid/detail.uri?authorId=55889778300)
a Автор Osadchii E. G.
u Дополнение Осадчий Е. Г.; Osadchii E. G.
c Титул (звания) профессор (ученое звание); доктор химических наук; профессор (должность)
i 000090999
k Кафедра химии, новых технологий и материалов; Факультет естественных и инженерных наук
245 10 a Заглавие Standard Enthalpy of Cu2SnS3 (Mohite) Formation from Sulfides
773 18 t Название источника Russian Journal of Inorganic Chemistry
b Сведения об издании Pleiades Publishing, Ltd.
c Россия
d Место и дата издания 2020
m Специф. данные входит в Scopus; входит в WoS; входит в ядро РИНЦ; журнал из перечня ВАК; ненулевой импакт-фактор
n Примечание Переводная версия "Журнал неорганической химии"
o Прочие индексы wos 0.709; scopus 0.71
x ISSN 0036-0236
q Q3 Scopus; Q4 WoS
g Прочая информация V. 65. - № 5. - P. 636-639
w Контрольный № источника fe895f2059cb45d7937a8f7c1aa42b22
901 t Тип документа b
952 c Вид литературы статья в журнале